Online
Catalog

Capacitando. (Record no. 44910)

MARC details
000 -CABECERA
campo de control de longitud fija 01203nas a2200265 a 4500
001 - NÚMERO DE CONTROL
campo de control 000045421
003 - IDENTIFICADOR DEL NÚMERO DE CONTROL
campo de control DLC
005 - FECHA Y HORA DE LA ÚLTIMA TRANSACCIÓN
campo de control 20240902152101.0
008 - DATOS DE LONGITUD FIJA--INFORMACIÓN GENERAL
campo de control de longitud fija 150309c20149999dr r1pdd 0 0spa d
022 ## - NÚMERO INTERNACIONAL NORMALIZADO PARA PUBLICACIONES SERIADAS
Número Internacional Normalizado para Publicaciones Seriadas 2308-0556
040 ## - FUENTE DE LA CATALOGACIÓN
Centro catalogador/agencia de origen DO-SdBNP
Lengua de catalogación spa
Centro/agencia transcriptor BNPHU
Normas de descripción rda
043 ## - CÓDIGO DE ÁREA GEOGRÁFICA
Código de área geográfica nwdr
245 00 - MENCIÓN DE TÍTULO
Título Capacitando.
260 ## - PUBLICACIÓN, DISTRIBUCIÓN, ETC.
Lugar de publicación, distribución, etc. Santo Domingo, República Dominicana :
Nombre del editor, distribuidor, etc. Capacitando Global SRL.,
Fecha de publicación, distribución, etc. 2014
Fabricante Editora Tele-3
300 ## - DESCRIPCIÓN FÍSICA
Extensión v. :
Otras características físicas il. ;
Dimensiones 28 cm.
310 ## - PERIODICIDAD ACTUAL
Periodicidad actual Trimestral
362 1# - FECHAS DE PUBLICACIÓN Y/O DESIGNACIÓN SECUENCIAL
Fecha de publicación y/o designación secuencial Inicia con: Año.2: no.5 (Enero-marzo, 2014)
500 ## - NOTA GENERAL
Nota general Catalogación basada en: Año.2: no.5 (Enero-marzo, 2014).
500 ## - NOTA GENERAL
Nota general Director: 2014, Eric R. Oller Valerio
505 ## - NOTA DE CONTENIDO CON FORMATO
Nota de contenido con formato La revista capacitando es una publicación de la firma Capacitando Global, SRL. Los comceptos expresados constituyen la opinión de los autores y es de su exclusiva responsabilidad. Queda prohibida la reproducción parcial o total de los contenidos sin autorización expresa de sus autores.
650 #4 - PUNTO DE ACCESO ADICIONAL DE MATERIA--TÉRMINO DE MATERIA
Término de materia o nombre geográfico como elemento de entrada Tecnología
Subdivisión general Enseñanza
Subdivisión de forma PUBLICACIONES PERIÓDICAS
9 (RLIN) 73469
650 #4 - PUNTO DE ACCESO ADICIONAL DE MATERIA--TÉRMINO DE MATERIA
Término de materia o nombre geográfico como elemento de entrada Educación superior
Subdivisión general Servicios de información
Subdivisión geográfica República Dominicana
9 (RLIN) 73470
700 1# - PUNTO DE ACCESO ADICIONAL--NOMBRE DE PERSONA
Nombre de persona Oller Valerio, Eric R.,
Término indicativo de función/relación dir.
9 (RLIN) 73471
942 ## - ELEMENTOS DE PUNTO DE ACCESO ADICIONAL (KOHA)
Fuente del sistema de clasificación o colocación Dewey Decimal Classification
Tipo de ítem Koha Publicación periódica
Holdings
Estado de retiro Estado de pérdida No para préstamo Código de colección Localización permanente Ubicación/localización actual Ubicación en estantería Fecha de adquisición Número de inventario Total de préstamos Signatura topográfica completa Código de barras Fecha visto por última vez Precio válido a partir de Tipo de ítem Koha
    Excluido de préstamo Patrimonio Dominicano Patrimonio Dominicano Patrimonio Dominicano Depósito 09.03.2015 LF1   45422-10 25.06.2020 25.06.2020 Libro y Folleto Colección Patrimonio Dominicano

Powered by Koha